Inter-Bis Centrum zaopatrzenia przemyslu drzewnego.

Saved in:
Bibliographic Details
Corporate Author: INTER-BIS (Nowy Sącz, Poľsko) (Author)
Format: Book
Language:Polish
Published: [S.l.] : [s.n.], 2010
Edition:[1. wyd.]
Subjects:
Online Access: Get full text
Tags: Add Tag
No Tags, Be the first to tag this record!

MARC

LEADER 00000nam a2200000 4500
003 SK-BrCVT
005 20220617223342.0
008 100601s2010 pl e ||||||pol d
035 |a CVTIDW0000688 
040 |b slo  |a CVTI SR  |e AACR2 
041 0 |a pol 
044 |a pl 
080 |a 630*82  |2 UDC-MRF 
080 |a 621.931  |2 UDC-MRF 
110 2 |a INTER-BIS (Nowy Sącz, Poľsko)  |4 aut 
245 1 0 |a Inter-Bis Centrum zaopatrzenia przemyslu drzewnego. 
250 |a [1. wyd.] 
260 |a [S.l.] :  |b [s.n.],  |c 2010 
300 |a 19 s. :  |b fotogr., obr., tab. ; 
653 1 |a drevársky priemysel 
653 1 |a pásová píla 
653 1 |a brúsny kotúč 
653 1 |a kotúčová píla 
655 4 |a firemné prospekty 
856 4 |u http://www.inter-bis.pl 
910 |b F029996 
959 |a 6804 
959 |a 5525 
974 |a agnesa.remenarova  |f Firemná literatúra 
992 |a FFP 
999 |c 154301  |d 154301